Baraja Pedagógico-alfabética / [Joaquín Llorente de Lara]
Descripción Física:
10 p. ; 16 cm
Materias:
Material didàctic -- Disseny
MARC
| LEADER | 00000nam a2200000Ia 4500 | ||
|---|---|---|---|
| 001 | 15859 | ||
| 008 | 160829s9999 xx 000 0 cat d | ||
| 080 | |a RF-12-31 | ||
| 100 | |a Llorente de Lara, Joaquín |9 46910 | ||
| 245 | |a Baraja Pedagógico-alfabética / [Joaquín Llorente de Lara] | ||
| 260 | |a Bellpuig : |b Saladrigues, [1917] | ||
| 300 | |a 10 p. ; |c 16 cm | ||
| 590 | |a Nom de l'autor extret del text. | ||
| 590 | |a Prové de 2888, exp.17 | ||
| 650 | |a Material didàctic |x Disseny |9 46911 | ||
| 856 | 4 | |u https://media.diba.cat/diba/fitxers/arxiu/fulletons/bib_15859_1917_baixa.pdf |y Accés lliure | |
| 856 | 4 | |u https://media.diba.cat/diba/fitxers/arxiu/fulletons/bib_15859_1917_baixa.pdf |y Accés lliure | |
| 901 | |a Arxiu | ||
| 942 | |n 1 |2 udc | ||
| 952 | |0 0 |1 0 |4 0 |6 RF1231 |7 1 |9 53521 |a Arxiu |b Arxiu |d 2016-12-01 |l 0 |o RF-12-31 |p 15859 |r 2016-12-01 00:00:00 |w 2016-12-01 |y ARXIU | ||
| 999 | |c 57387 |d 57387 | ||
| 900 | |a bib_15859_1917_baixa.pdf | ||